| 000 | 00553nam a22001697a 4500 | ||
|---|---|---|---|
| 020 | _qHard Cover. | ||
| 082 | _aBEE- 5 BIL | ||
| 100 | _aMuhammad Bilal Khan. | ||
| 245 |
_aDLL-based PWM Generator / _cMuhammad Khan, Bilal |
||
| 260 |
_aIslamabad: _bSEECS-NUST, _c2011. |
||
| 300 |
_a55 p. : _bill. ; _c30cm. |
||
| 650 |
_aBachelor in Electrical Engineering . _955460 |
||
| 700 |
_aAbdullah Mansoor. _931183 |
||
| 856 | _uhttp://10.250.8.41:8080/xmlui/handle/123456789/10545 | ||
| 942 |
_2ddc _cPR |
||
| 999 |
_c566312 _d566312 |
||